[Event "Aurec Cup"]
[Site "Aurec"]
[Date "2002.06.16"]
[Round "4"]
[White "Litoff, Paul"]
[Black "Le Goff, Francois Xavier"]
[Result "0-1"]
[WhiteElo "1920"]
[BlackElo "1910"]
[PlyCount "105"]
[EventDate "2002.06.??"]
[EventType "team"]
[EventRounds "5"]
[EventCountry "FRA"]
[SourceTitle "EXT 2004"]
[Source "ChessBase"]
[SourceDate "2003.11.25"]
[SourceVersion "1"]
[SourceVersionDate "2003.11.25"]
[SourceQuality "1"]

1. c4 c5 2. Nc3 Nf6 3. g3 d5 4. cxd5 Nxd5 5. Bg2 Nc7 6. Nf3 Nc6 7. 0-0 e5 8. d3 Be7 9. Be3 0-0 10. Qd2 f6 11. Rfd1 Be6 12. Rac1 Qd7 13. b3 Rac8 14. Qb2 b6 15. Nd2 Nd4 16. Nf3 Rfd8 17. Ne1 b5 18. f3 b4 19. Na4 Nd5 20. Bf2 Nb6 21. Nxb6 axb6 22. e3 Nb5 23. Nc2 Nc3 24. Rd2 Qb5 25. Bf1 Qa5 26. Ra1 Qa8 27. e4 Nb5 28. Ne3 Nd4 29. Kg2 Rc7 30. Nc2 Nb5 31. d4 Nxd4 32. Ne3 Ra7 33. Nd5 Qc6 34. Rc1 Qe8 35. Nxb6 Kh8 36. Na4 Rc8 37. Nb6 Rb8 38. Na4 Qf8 39. g4 Bd7 40. Bc4 Bxa4 41. bxa4 Rxa4 42. Bxd4 cxd4 43. Bb3 Ra7 44. Qc2 Qd8 45. Qd3 Rc7 46. Rdc2 Rbc8 47. Rc4 Qd6 48. Kf1 h6 49. Ke2 Rc5 50. R1c2 Qb6 51. Kd2 R8c6 52. Ke2 Qc7 53. Rc1 0-1

[Event "Aurec Cup"]
[Site "Aurec"]
[Date "2002.06.15"]
[Round "3"]
[White "Fozzani, Emmanuel"]
[Black "Litoff, Paul"]
[Result "0-1"]
[WhiteElo "1870"]
[BlackElo "1920"]
[PlyCount "108"]
[EventDate "2002.06.??"]
[EventType "team"]
[EventRounds "5"]
[EventCountry "FRA"]
[SourceTitle "EXT 2004"]
[Source "ChessBase"]
[SourceDate "2003.11.25"]
[SourceVersion "1"]
[SourceVersionDate "2003.11.25"]
[SourceQuality "1"]

1. Nf3 c5 2. e4 e6 3. g3 Nc6 4. Bg2 Nf6 5. d3 d6 6. 0-0 Be7 7. Nc3 a6 8. Ne1 e5 9. f4 Nd4 10. f5 b5 11. h3 b4 12. Ne2 Nc6 13. g4 h6 14. c4 a5 15. Nf3 a4 16. Ng3 g6 17. fxg6 fxg6 18. Nh4 Rg8 19. Bxh6 Nxg4 20. hxg4 Bxh4 21. Qf3 Be6 22. Ne2 Bg5 23. Qf8+ Kd7 24. Qxd8+ Bxd8 25. g5 Be7 26. Rf3 Bg4 27. Bh3 Bxh3 28. Rxh3 Nd8 29. Rf1 Ne6 30. Rg3 Rh8 31. Kg2 Rh7 32. Ng1 a3 33. b3 Nd4 34. Nh3 Ke6 35. Re3 Rf7 36. Nf2 Rf4 37. Rg3 Ra7 38. Re3 Bd8 39. Ree1 Raf7 40. Re3 Be7 41. Rg3 Nxb3 42. axb3 a2 43. Ra1 Rxf2+ 44. Kh3 Rb2 45. Rg2 Rxb3 46. Raxa2 Rf3+ 47. Kh2 Rbxd3 48. Bg7 Rd4 49. Ra8 Rxc4 50. Rga2 Rxe4 51. Bf6 Bxf6 52. gxf6 Rxf6 53. Re8+ Kd5 54. Rd2+ Rd4 0-1